Imiona i nazwiska polskich influencerów - Statystyki

Ogólne statystyki
  • Ten quiz został rozwiązany 494 razy
  • Średni wynik to 6 z 15
Statystyki odpowiedzi
Hint Odpowiedź % Poprawnych
Wersow Weronika Sowa
100%
Fagata Agata Fąk
71%
Tromba Mateusz Trąbka
59%
Natsu Natalia Karczmarczyk
49%
Boxdel Michał Baron
43%
Kartonii Wiktoria Bochnak
38%
Murcix Marta Błoch
37%
Naruciak Adam Zimmermann
30%
Blowek Karol Gązwa
28%
Poczciwy Krzychu Kamil Chwastek
25%
Dzinold Dawid Rzeźnik
24%
Young Multi Michał Rychlik
22%
Izak Piotr Skowyrski
22%
Franio Franciszek Rusiecki
8%
Nanami Chan Olga Sałacka
8%
Nie znaleziono quizów pasujących do podanych kryteriów
Rozkład punktacji
Procent ludzi z każdym wynikiem
Percentyl według liczby udzielonych odpowiedzi
Twoja historia wyników
Nie rozwiązałeś tego quizu